Διδακτική μεθοδολογία των φυσικών επιστημών: θεωρία και πρακτική
Αποθηκεύτηκε σε:
| Κύριος συγγραφέας: | |
|---|---|
| Άλλοι συγγραφείς: | |
| Μορφή: | Βιβλίο |
| Γλώσσα: | Greek |
| Δημοσίευση: |
Αθήνα:
Προπομπός,
2021.
|
| Θέματα: | |
| Ετικέτες: |
Προσθήκη ετικέτας
Δεν υπάρχουν, Καταχωρήστε ετικέτα πρώτοι!
|
MARC
| LEADER | 00000cam a2200000 a 4500 | ||
|---|---|---|---|
| 001 | 1/124887 | ||
| 008 | 220517s2021####gr | ||| |||| ||gre|| | ||
| 020 | |a 97896185036690 | ||
| 040 | |a GR-MyUa |b gre |c GR-MyUa |e AACR2 | ||
| 041 | 0 | |a gre | |
| 082 | 7 | |a 507.1 |2 (23) | |
| 100 | 1 | |a Σκορδούλης, Κωνσταντίνος Δ. | |
| 245 | 1 | 0 | |a Διδακτική μεθοδολογία των φυσικών επιστημών: |b θεωρία και πρακτική / |c Κώστας Σκορδούλης, Κωνσταντίνα Στεφανίδου. |
| 260 | |a Αθήνα: |b Προπομπός, |c 2021. | ||
| 300 | |a 397 σ. : |b εικ., πίν. ; |c 24 εκ. | ||
| 504 | |a Περιλαμβάνει βιβλιογραφίες και ευρετήριο. | ||
| 650 | 0 | |a Science |x Study and teaching. | |
| 650 | 0 | |a Physical sciences |x Study and teaching. | |
| 700 | 1 | |a Στεφανίδου, Κωνσταντίνα. | |
| 970 | |a Σιδερή |b Νεκταρία |z 2022/05/17 | ||